Culture G - Divers (2) - Statistiques

Statistiques générales
  • Ce quiz a été pris 167 fois
  • Le résultat moyen est 10 sur 20
Statistiques - réponses
Indice Réponse % Correct
En démographie, quel est le contraire de urbain Rural
86%
Quelle est l'unité du système international pour une durée Seconde
86%
A quelle partie du corps les "mirettes" font-elles référence Yeux
78%
Comment se nomme notre galaxie Voie lactée
77%
A quel combien correspond le nombre romain suivant : CLXVII 167
70%
Quel pays est le premier vainqueur de la coupe de monde football Uruguay
70%
A qui doit-on la chanson "Firework" Katy Perry
63%
Comment se nomme le drapeau britannique Union Jack
62%
En quelle année a été créer Google 1998
61%
Quel ancien pays d'Europe réunissant deux nations actuelles fus dissout en 1992 Tchécoslovaquie
61%
Quel animal est associé à l'expérience de pensée de Schrödinger Chat
59%
Qui est l'interprète de John Wick dans la saga éponyme Keanu Reeves
46%
Quel penseur et poète italien est connu pour avoir écrit "Divine comédie" Dante
40%
Autour de quelle famille est centrée la série "Peaky Blinders" Shelby
39%
Dans l'alphabet militaire, quel mot est utilisé pour désigner la lettre E Echo
36%
Comment se nomme le cri/bruit des animaux de classe bovine Beuglement
35%
Dans la mythologie grecque, qui est le père d'Icare Dédale
35%
Dans quel pays se trouve le fleuve "Vistule" Pologne
22%
A quelle capitale européenne "Baile Átha Cliath" fait-elle référence Dublin
17%
Qui a écrit le roman "La nuit du renard" Mary Higgins Clark
3%
Aucun quiz correspondant
Distribution des résultats
% des personnes avec chaque résultat
Percentile par nombre de réponses
Votre historique - résultats
Vous n’avez pas pris ce quiz